01880nab a2200217 ab450000500170000000800410001700300010005804000350005910000250009424501490011950600190026852010160028765300240130365300330132765300260136065300390138665300160142577301020144185600570154385600620160020260630143010.0260604b2025 sp tr poo| 0 0 spa d aMX-MxUPNbspacMX-MxUPNeaacr21 aDueñas Rello, Erik14aPreocupaciones existenciales y malestares socioemocionales :bcomprendiendo los desafíos de la pospandemiah[recurso electrónico en línea]0 aAcceso abierto3 aLa situación pospandémica ha profundizado en los problemas de salud mental y bienestar emocional en la sociedad española. Este artículo analiza la encuesta 3298 del Centro de Investigaciones Sociológicas (CIS) para comprender la incidencia de estas problemáticas, partiendo de una distinción conceptual entre sentimientos existenciales y malestares socioemocionales. Se fundamenta dicha distinción mediante la revisión bibliográfica de investigaciones sobre preocupaciones existenciales en los últimos cinco años, contribuyendo a una síntesis de diferentes aportaciones europeas. Se establece un modelo de ecuaciones estructurales que indaga en la estructura de relaciones entre las dos dimensiones y su relación con factores sociodemográficos. Los resultados indican que jóvenes, mujeres y personas con menor nivel formativo sufren un mayor impacto en problemas existenciales, así como la forma en que estos inciden en la manifestación de malestares socioemocionales. cREIS aBienestar subjetivo aPreocupaciones existenciales aProblemas emocionales aModelo de ecuaciones estructurales aPospandemia gNo. 192 (2025), p. 105-124tREIS: revista española de investigaciones sociológicasx1988-59034 uhttps://reis.cis.es/index.php/reis/article/view/23544 uhttps://reis.cis.es/index.php/reis/article/view/2354/2991